|
|
|
|
| LEADER |
00787nam a22002172a 4500 |
| 001 |
001906716 |
| 003 |
CZ BrMZK |
| 005 |
20240902104655.0 |
| 007 |
ta |
| 008 |
240902s1941 au af er|||||||||||ger d |
| 040 |
|
|
|a BOA001
|b cze
|e aacr2
|
| 100 |
1 |
|
|a Bruegel, Pieter,
|d asi 1525-1569
|7 jn19981000340
|4 aut
|
| 245 |
1 |
4 |
|a Das Bruegel-Buch /
|c Pieter Bruegel ; mit einer Einleitung von Leo Bruhns
|
| 250 |
|
|
|a Neue Ausgabe, der Gesamtauflage 51.-75. Tausend
|
| 260 |
|
|
|a In Wien :
|b Anton Schroll & Co.,
|c 1941
|
| 300 |
|
|
|a 31 s., obr. příl. :
|b il. (přev. barev.) ;
|c 8°
|
| 700 |
1 |
|
|a Bruhns, Leo,
|d 1884-1957
|7 mub2011660693
|4 wfw
|
| 910 |
|
|
|a BOA001
|b 2-0180.005
|
| 990 |
|
|
|a BK
|
| 991 |
|
|
|b 202409
|
| 996 |
7 |
|
|b 2618780353
|c 2-0180.005
|l MZK
|r Sklad / do 24 hodin
|n 0
|w 001975629
|u 000010
|a 1
|e BOA001
|j MZK50
|s A
|